One Piece Questions (Medium) - Statistiques

Statistiques générales
  • Ce quiz a été pris 1 180 fois
  • Le résultat moyen est 12 sur 20
Statistiques - réponses
Hint Réponse % Correct
Quel est le surnom de Luffy au Colosseum ? Lucy
94%
Quelle a été la citation de Robin lors d'Enies Lobby ? Je veux vivre
85%
A quel arc Luffy utilise la première fois son Gear 3 ? Enies Lobby
77%
A l'arc Punk Hazard, Law a dit à Luffy qu'il avait un ennemi juré. Qui était-ce ? Kaido
77%
De combien de Berry sépare la prime de Zoro à Sanji ? 10 000 000
73%
Qui était l'ennemi principal de Sabo lors du combat final du Colosseum ? Burgess
73%
Contre qui Luffy utilise "Gear 4 Tankman" ? Cracker
73%
Combien de Berry Nami devait-elle à Arlong pour lui rendre la liberté ? 100 000 000
72%
Quel étage se situait Ivankov à Impel Down ? 5,5
66%
Comment s'appelle le père de Rebecca ? Kyros
64%
Qui a mangé le fruit du tournis ? (fruit de l'hélicoptère) Buffalo
61%
A Dressrosa, qu'est-ce qu'Usopp découvre/obtient venant de lui ? Haki de l'observation
59%
En quel bois est fait le Thousand Sunny ? Adam
57%
Quel est le nom du Dragon Céleste que Luffy a frappé ? Charlos
57%
Quel membre de Barbe Blanche le poignarde à Marine Ford ? Squard
56%
Durant l'ellipse, qui a entraîné Usopp ? Heracles
50%
Quel est l'âge du docteur Kureha (avant l'ellipse) ? 139
42%
Quel est le nom du village où Shanks confit son chapeau à Luffy ? Fuchsia
42%
Comment s'appellent les trois "pirates" dans l'ancien équipage d'Usopp ? Oignon Piment Carotte
41%
Quelle est la prime exacte de Gol .D Roger ? 5 564 800 000
17%
Aucun quiz correspondant
Distribution des résultats
% des personnes avec chaque résultat
Percentile par nombre de réponses
Votre historique - résultats
Vous n’avez pas pris ce quiz